Tenango del Valle /
Colección de estudios académicos y monografías sobre los municipios del Estado de México. El número 11 está dedicado a Tenango del Valle, municipio situado al centro del estado. En la publicación se trabajan temas como: la vida cotidiana de la región en el siglo XVIII, la calidad de vida en el munic...
Gorde:
| Egile nagusia: | |
|---|---|
| Formatua: | Liburua |
| Hizkuntza: | gaztelania |
| Argitaratua: |
Toluca, México :
El Colegio Mexiquense,
1998, c1998
|
| Saila: | (Cuadernos Municipales Colegio Mexiquense ;
11) |
| Gaiak: | |
| Etiketak: |
Etiketarik gabe, Izan zaitez lehena erregistro honi etiketa jartzen!
|
MARC
| LEADER | 00000nam^a2200000^a^4500 | ||
|---|---|---|---|
| 001 | 000174511 | ||
| 005 | 20250521000000.0 | ||
| 009 | 20260310101533.023 | ||
| 020 | |a 968-6341-87-0 | ||
| 037 | |a Acervo ITESO - Biblioteca | ||
| 041 | |a ESP | ||
| 082 | |a 972. 52 |b CUA V. 11 | ||
| 100 | |a Hernández Rodríguez, Rosaura |e (coord. y pról.) | ||
| 240 | 1 | 1 | |a [Cuadernos municipales] |
| 245 | 1 | 0 | |a Tenango del Valle / |c Coord. y pról. de R. Hernández Rodríguez ; presen. de David Bobadilla Martínez. |
| 264 | 4 | |a Toluca, México : |b El Colegio Mexiquense, |c 1998, c1998 | |
| 300 | |a 104 p. | ||
| 336 | |a texto |b txt |2 rdacontenido | ||
| 337 | |a sin mediación |b n |2 rdamedio | ||
| 338 | |a volumen |b nc |2 rdasoporte | ||
| 440 | 1 | |a (Cuadernos Municipales Colegio Mexiquense ; |v 11) | |
| 520 | |a Colección de estudios académicos y monografías sobre los municipios del Estado de México. El número 11 está dedicado a Tenango del Valle, municipio situado al centro del estado. En la publicación se trabajan temas como: la vida cotidiana de la región en el siglo XVIII, la calidad de vida en el municipio, el desarrollo municipal, las finanzas municipales, la Revolución Mexicana en Tenango, impacto de la reforma educativa de 1934 y el Plan de Desarrollo Municipal 1997-2000. | ||
| 649 | |a XX | ||
| 650 | |a Municipios - |z México (Estado) | ||
| 650 | |a Vida Cotidiana - |z Tenango del Valle, México (Estado) - |x Historia | ||
| 650 | |a Vida Cotidiana - |z México - |x Historia | ||
| 650 | |a Calidad de Vida - |z Tenango del Valle, México (Estado) | ||
| 650 | |a Calidad de Vida - |z México | ||
| 650 | |a Reforma Educativa - |z Tenango del Valle, México (Estado) - |x Historia | ||
| 650 | |a Reforma Educativa - |z México - |x Historia | ||
| 650 | |a Finanzas Públicas - |z Tenango del Valle, México (Estado) | ||
| 650 | |a Finanzas Públicas - |z México | ||
| 650 | |a Administracion Pública - |z Tenango del Valle, México (Estado) | ||
| 650 | |a Administración Pública - |z México | ||
| 650 | |a Tenango del Valle, México (Estado) - |x Historia - |y Revolución, 1910-1917 | ||
| 650 | |a México - |x Historia - |y Revolución, 1910-1917 | ||
| 650 | |a Tenango del Valle, México (Estado) - |x Historia - |y Siglo XX | ||
| 650 | |a Tenango del Valle, México (Estado) - |x Historia - |x Tema Principal | ||
| 650 | |a México - |x Historia - |y Siglo XX | ||
| 910 | |a Fondo General | ||
| 920 | |a Impresos - Libros | ||
| 930 | |a Colección General | ||
| 905 | |a 101 | ||
| 901 | |a 0500112564 |b IT1 |c ACC |u 20250521 | ||
| 902 | |a https://opac.biblio.iteso.mx/vufind/Record/000174511 | ||